Watts pocket handbook 2007 (Record no. 106184)
[ view plain ]
| 000 -LEADER | |
|---|---|
| fixed length control field | 01968cam a2200373 4500 |
| 001 - CONTROL NUMBER | |
| control field | L135745 |
| 008 - FIXED-LENGTH DATA ELEMENTS--GENERAL INFORMATION | |
| fixed length control field | 000000n2007 000 0 eng u |
| 020 ## - INTERNATIONAL STANDARD BOOK NUMBER | |
| International Standard Book Number | 184219304X |
| -- | 9781842193044 |
| 035 ## - SYSTEM CONTROL NUMBER | |
| System control number | (Sirsi) u135745 |
| 041 0# - LANGUAGE CODE | |
| Language code of text/sound track or separate title | eng |
| 050 04 - LIBRARY OF CONGRESS CALL NUMBER | |
| Classification number | 690.2 $2 18 |
| 110 2# - MAIN ENTRY--CORPORATE NAME | |
| Corporate name or jurisdiction name as entry element | Watts and Partners |
| 9 (RLIN) | 2303 |
| 245 00 - TITLE STATEMENT | |
| Title | Watts pocket handbook 2007 |
| 250 ## - EDITION STATEMENT | |
| Edition statement | 23rd ed. |
| 260 ## - PUBLICATION, DISTRIBUTION, ETC. | |
| Place of publication, distribution, etc. | London |
| Name of publisher, distributor, etc. | RICS Books |
| Date of publication, distribution, etc. | 2007 |
| 300 ## - PHYSICAL DESCRIPTION | |
| Extent | viii, 378p. |
| Dimensions | 18cm. |
| 350 ## - PRICE (NR) (BK AM CF MU VM SE) [OBSOLETE] | |
| Price | 20 |
| 505 2# - FORMATTED CONTENTS NOTE | |
| Formatted contents note | Property investment and ownership -- Development and procurement -- Legislation -- Design -- Materials and defects -- Environmental -- Maintenance management -- Cost management -- APC student help -- Technical resources |
| 520 ## - SUMMARY, ETC. | |
| Summary, etc. | 2007 edition of this annual publication providing legal and technical advice and guidance for those working in property and construction. New content in this edition includes: BCO best practice for new offices and fitting out works; Housing Health and Rating System; environmental liability directive (Directive 2004/35/CE); modern methods of construction; Part L 2006 compliance; Real Estate Investment Trusts; Regent Street disease; renewable energy; sustainable development; tenant fit out and licences to alter; troublesome plant growth; and the water framework directive (2000/60/EC). |
| 520 ## - SUMMARY, ETC. | |
| Summary, etc. | Supersedes 2006 edition (ISBN 1842192493). |
| 590 ## - LOCAL NOTE (RLIN) | |
| Local note | KA |
| 650 24 - SUBJECT ADDED ENTRY--TOPICAL TERM | |
| Topical term or geographic name entry element | HOUSING HEALTH AND SAFETY RATING SYSTEM |
| 650 24 - SUBJECT ADDED ENTRY--TOPICAL TERM | |
| Topical term or geographic name entry element | DIRECTIVE 2004/35/CE |
| 650 24 - SUBJECT ADDED ENTRY--TOPICAL TERM | |
| Topical term or geographic name entry element | DIRECTIVE 2000/60/EC |
| 650 24 - SUBJECT ADDED ENTRY--TOPICAL TERM | |
| Topical term or geographic name entry element | BUILDING REGULATIONS 2000 APPROVED DOCUMENT L1A (2006 EDITION) |
| 650 24 - SUBJECT ADDED ENTRY--TOPICAL TERM | |
| Topical term or geographic name entry element | REAL ESTATE INVESTMENT TRUSTS |
| 650 24 - SUBJECT ADDED ENTRY--TOPICAL TERM | |
| Topical term or geographic name entry element | BUILDING REGULATIONS 2000 APPROVED DOCUMENT L2A (2006 EDITION) |
| 650 24 - SUBJECT ADDED ENTRY--TOPICAL TERM | |
| Topical term or geographic name entry element | BUILDING REGULATIONS 2000 APPROVED DOCUMENT L1B (2006 EDITION) |
| 650 24 - SUBJECT ADDED ENTRY--TOPICAL TERM | |
| Topical term or geographic name entry element | BUILDING REGULATIONS 2000 APPROVED DOCUMENT L2B (2006 EDITION) |
| 651 #4 - SUBJECT ADDED ENTRY--GEOGRAPHIC NAME | |
| Geographic name | United Kingdom |
| Chronological subdivision | |
| 690 ## - LOCAL SUBJECT ADDED ENTRY--TOPICAL TERM (OCLC, RLIN) | |
| Topical term or geographic name as entry element | BUILT ENVIRONMENT |
| 942 ## - ADDED ENTRY ELEMENTS (KOHA) | |
| Suppress in OPAC | 0 |
| Withdrawn status | Lost status | Source of classification or shelving scheme | Damaged status | Not for loan | Home library | Current library | Shelving location | Date acquired | Total Checkouts | Full call number | Barcode | Date last seen | Copy number | Price effective from | Koha item type | Date last checked out |
|---|---|---|---|---|---|---|---|---|---|---|---|---|---|---|---|---|
| Dewey Decimal Classification | London | London | RICS Boxes | 02/04/2007 | 2007/08A | 30073759 | 06/08/2019 | 1 | 06/08/2019 | Archive | ||||||
| Dewey Decimal Classification | London | London | Basement | 02/04/2007 | 15 | 690.2 WAT | 30073761 | 06/08/2019 | 2 | 06/08/2019 | Book | 24/10/2008 | ||||
| Dewey Decimal Classification | London | London | Basement | 02/04/2007 | 23 | 690.2 WAT | 30073760 | 06/08/2019 | 3 | 06/08/2019 | Book | 27/10/2009 |